[Event "TUR-chT Clubs"]
[Site "Konya"]
[Date "2019.07.17"]
[Round "3.8"]
[White "Dogan, Eylem Su"]
[Black "Ozgur, Sina"]
[Result "0-1"]
[WhiteElo "1285"]
[BlackElo "1524"]
[PlyCount "86"]
[EventDate "2019.07.16"]
[EventType "team-swiss"]
[EventRounds "9"]
[EventCountry "TUR"]
[SourceTitle "CBM 191 Extra"]
[Source "ChessBase"]
[SourceDate "2019.09.30"]
[SourceVersion "1"]
[SourceVersionDate "2019.09.30"]
[SourceQuality "1"]
[WhiteTeam "Nazilli Belediyesi"]
[BlackTeam "Sungurlu Egitim Genclik"]
[WhiteTeamCountry "TUR"]
[BlackTeamCountry "TUR"]

1. d4 Nf6 2. c4 g6 3. Nc3 d5 4. Nf3 Bg7 5. e3 0-0 6. Bd3 c5 7. b3 Nc6 8. Bb2 cxd4 9. Nxd4 e5 10. Nxc6 bxc6 11. cxd5 cxd5 12. Bb5 Qd6 13. 0-0 a6 14. Be2 Rd8 15. Rc1 Bb7 16. Qd3 Rac8 17. Rcd1 Rc7 18. h3 Rcd7 19. Na4 d4 20. exd4 exd4 21. f3 Nh5 22. Bc1 Qg3 23. Rf2 Be5 24. f4 Nxf4 25. Qxg3 Nxe2+ 26. Rxe2 Bxg3 27. Rd3 Bh4 28. Bf4 Bc6 29. Nb6 Bb5 30. Nxd7 Bxd3 31. Rd2 Rxd7 32. Rxd3 Be1 33. Bd2 Bxd2 34. Rxd2 f5 35. Kf2 Kf7 36. Kf3 Ke6 37. g3 h6 38. Kf4 g5+ 39. Kf3 Kd5 40. Rd1 Rc7 41. Ke2 Rc2+ 42. Kd3 Rc3+ 43. Ke2 Rxg3 0-1

[Event "Teteven op 32nd"]
[Site "Teteven"]
[Date "2018.08.15"]
[Round "5"]
[White "Ozgur, Sina"]
[Black "Kamenov, Valentin"]
[Result "1-0"]
[WhiteElo "1524"]
[BlackElo "1850"]
[PlyCount "85"]
[EventDate "2018.08.11"]
[EventType "swiss"]
[EventRounds "9"]
[EventCountry "BUL"]
[SourceTitle "CBM 186 Extra"]
[Source "ChessBase"]
[SourceDate "2018.08.24"]
[SourceVersion "1"]
[SourceVersionDate "2018.08.24"]
[SourceQuality "1"]

1. d4 Nf6 2. c4 d6 3. Nc3 g6 4. e4 Bg7 5. f3 0-0 6. Be3 Nbd7 7. Qd2 e5 8. d5 a6 9. Bd3 Nh5 10. Nge2 f5 11. exf5 gxf5 12. 0-0-0 Ndf6 13. Bg5 Qe8 14. Ng3 Qg6 15. Nxh5 Qxh5 16. Rdg1 Bd7 17. Kb1 b5 18. g4 fxg4 19. Bxf6 Rxf6 20. fxg4 Bxg4 21. Qg2 bxc4 22. Bc2 Rg6 23. Bxg6 Qxg6+ 24. Ka1 Bf5 25. Qe2 Qf7 26. Qxc4 Bg6 27. h4 h5 28. Rg2 Bf5 29. Rhg1 Bg4 30. Ne4 Qf4 31. Qc2 Rf8 32. a3 Rf7 33. Ng5 Re7 34. Qh7+ Kf8 35. Ne6+ Rxe6 36. dxe6 Qf6 37. Rxg4 hxg4 38. Rxg4 e4 39. Rxg7 Qf1+ 40. Ka2 Qc4+ 41. Kb1 Qf1+ 42. Kc2 Qf2+ 43. Kb3 1-0

[Event "Teteven op 32nd"]
[Site "Teteven"]
[Date "2018.08.11"]
[Round "1"]
[White "Ozgur, Sina"]
[Black "Toshkov, Angel"]
[Result "0-1"]
[WhiteElo "1524"]
[BlackElo "1930"]
[PlyCount "116"]
[EventDate "2018.08.11"]
[EventType "swiss"]
[EventRounds "9"]
[EventCountry "BUL"]
[SourceTitle "CBM 186 Extra"]
[Source "ChessBase"]
[SourceDate "2018.08.24"]
[SourceVersion "1"]
[SourceVersionDate "2018.08.24"]
[SourceQuality "1"]

1. d4 Nf6 2. c4 e6 3. Nc3 d5 4. e3 Nbd7 5. Nf3 Be7 6. Bd3 dxc4 7. Bxc4 Nb6 8. Bd3 0-0 9. 0-0 c5 10. dxc5 Bxc5 11. Qc2 Qe7 12. e4 e5 13. Bg5 Bg4 14. Qe2 h6 15. Bh4 g5 16. Bg3 Bd4 17. Nb5 Nh5 18. Nbxd4 Nxg3 19. fxg3 exd4 20. h3 Bh5 21. Qf2 Rfd8 22. Rae1 Bg6 23. g4 Rac8 24. h4 Rc7 25. hxg5 hxg5 26. Qd2 Nc4 27. Bxc4 Rxc4 28. Nxg5 d3 29. Rc1 Rc2 30. Qf4 Rxc1 31. Rxc1 d2 32. Rd1 Qc5+ 33. Kh2 Qc2 34. Nxf7 Qxd1 35. Nxd8 Qh1+ 36. Kxh1 d1Q+ 37. Kh2 Qxd8 38. e5 Qh4+ 39. Kg1 Qe1+ 40. Kh2 Qh4+ 41. Kg1 Qe7 42. a3 b5 43. b4 a6 44. Qh6 Kf7 45. Qf4+ Ke6 46. Qd4 Qc7 47. Kh1 Qxe5 48. Qb6+ Qd6 49. Qe3+ Kf6 50. Qf3+ Kg5 51. g3 Qe5 52. Kh2 Be4 53. Qe3+ Kxg4 54. Qe2+ Kg5 55. Qe3+ Kg6 56. Qb6+ Qf6 57. Qxf6+ Kxf6 58. Kh3 Kg5 0-1

[Event "TUR-chT2"]
[Site "Konya"]
[Date "2018.07.14"]
[Round "8.13"]
[White "Olmez, Sude"]
[Black "Ozgur, Sina"]
[Result "0-1"]
[WhiteElo "1125"]
[BlackElo "1530"]
[PlyCount "88"]
[EventDate "2018.07.10"]
[EventType "team-swiss"]
[EventRounds "9"]
[EventCountry "TUR"]
[SourceTitle "EXT 2019"]
[Source "ChessBase"]
[SourceDate "2018.10.10"]
[SourceVersion "1"]
[SourceVersionDate "2018.10.10"]
[SourceQuality "1"]
[WhiteTeam "Samsun Genclik"]
[BlackTeam "Coru Sunguluru Egitim"]
[WhiteTeamCountry "TUR"]
[BlackTeamCountry "TUR"]

1. e4 e5 2. Nf3 Nc6 3. Bc4 Nf6 4. Nc3 Bc5 5. d3 d6 6. h3 Be6 7. Bb5 Qd7 8. Bg5 h6 9. Bxf6 gxf6 10. Nd5 0-0-0 11. Bxc6 bxc6 12. Nxf6 Qe7 13. Nh5 f5 14. exf5 Bxf5 15. Ng3 Bh7 16. Qe2 Qf7 17. 0-0 Rhg8 18. Kh1 Qg7 19. Nd2 Rdf8 20. Qg4+ Qxg4 21. hxg4 Rxg4 22. Nge4 Bxe4 23. Nxe4 Bb6 24. a4 a6 25. a5 Ba7 26. Ra4 Rgf4 27. g3 Rf3 28. Kg2 d5 29. Nc3 Rxf2+ 30. Rxf2 Rxf2+ 31. Kh3 Rxc2 32. Rh4 Be3 33. Nd1 Bg5 34. Rb4 Rd2 35. Nc3 Rxd3 36. Kg4 c5 37. Ra4 e4 38. Ra1 Kd7 39. Rd1 Rxd1 40. Nxd1 Ke6 41. b3 d4 42. Nf2 Kd5 43. Kf5 e3 44. Nd3 e2 0-1

[Event "TUR-chT2"]
[Site "Konya"]
[Date "2018.07.13"]
[Round "6.10"]
[White "Haktanirlar, Zeren"]
[Black "Ozgur, Sina"]
[Result "0-1"]
[WhiteElo "1175"]
[BlackElo "1530"]
[PlyCount "76"]
[EventDate "2018.07.10"]
[EventType "team-swiss"]
[EventRounds "9"]
[EventCountry "TUR"]
[SourceTitle "EXT 2019"]
[Source "ChessBase"]
[SourceDate "2018.10.10"]
[SourceVersion "1"]
[SourceVersionDate "2018.10.10"]
[SourceQuality "1"]
[WhiteTeam "Mercan Egitim"]
[BlackTeam "Coru Sunguluru Egitim"]
[WhiteTeamCountry "TUR"]
[BlackTeamCountry "TUR"]

1. e4 e5 2. Qh5 Qe7 3. Nc3 Nf6 4. Qd1 Nc6 5. Nf3 g6 6. Bc4 Bg7 7. d3 d6 8. h3 Be6 9. Bb3 0-0 10. 0-0 Qd7 11. Ng5 Bxb3 12. axb3 h6 13. Nf3 d5 14. Bd2 Kh7 15. Nh2 Rad8 16. Ng4 dxe4 17. Nxf6+ Bxf6 18. Nxe4 Bg7 19. Nc5 Qc8 20. Qf3 f5 21. Bc3 Rd6 22. b4 b6 23. Nb3 a6 24. Ra2 Re6 25. Rfa1 e4 26. dxe4 fxe4 27. Qe2 Bxc3 28. bxc3 Qe8 29. Rxa6 e3 30. f3 Ne7 31. Nd4 Re5 32. Ra7 Nd5 33. g3 Qd7 34. Qb5 Qxh3 35. g4 Qg3+ 36. Kh1 e2 37. Nxe2 Qxf3+ 38. Kg1 Qxg4+ 0-1

[Event "TUR-chT2"]
[Site "Konya"]
[Date "2018.07.11"]
[Round "2.15"]
[White "Eraslan, Ecem"]
[Black "Ozgur, Sina"]
[Result "1/2-1/2"]
[WhiteElo "1386"]
[BlackElo "1530"]
[PlyCount "65"]
[EventDate "2018.07.10"]
[EventType "team-swiss"]
[EventRounds "9"]
[EventCountry "TUR"]
[SourceTitle "EXT 2019"]
[Source "ChessBase"]
[SourceDate "2018.10.10"]
[SourceVersion "1"]
[SourceVersionDate "2018.10.10"]
[SourceQuality "1"]
[WhiteTeam "Trabzon Feda"]
[BlackTeam "Coru Sunguluru Egitim"]
[WhiteTeamCountry "TUR"]
[BlackTeamCountry "TUR"]

1. e4 e5 2. Nf3 Nc6 3. Bb5 Nf6 4. d3 d6 5. c3 a6 6. Ba4 Be6 7. 0-0 Be7 8. Re1 0-0 9. Nbd2 b5 10. Bc2 b4 11. d4 exd4 12. cxd4 d5 13. exd5 Nxd5 14. Nf1 Bf6 15. Ne5 Nxe5 16. dxe5 Be7 17. Ne3 Nxe3 18. Bxe3 c5 19. Be4 Qxd1 20. Rexd1 Rad8 21. b3 a5 22. Rdc1 Rc8 23. Bd3 f6 24. Bc4 Bxc4 25. Rxc4 fxe5 26. Rac1 Rfd8 27. Kf1 Rd5 28. Ke2 Kf7 29. R1c2 Ke6 30. f3 h6 31. g4 g5 32. h3 Rc7 33. Rc1 1/2-1/2

[Event "TUR-ch (Women)"]
[Site "Antalya"]
[Date "2018.03.06"]
[Round "2"]
[White "Demirtas, Hafize"]
[Black "Ozgur, Sina"]
[Result "1-0"]
[WhiteElo "1802"]
[BlackElo "1551"]
[PlyCount "95"]
[EventDate "2018.03.05"]
[EventType "swiss"]
[EventRounds "9"]
[EventCountry "TUR"]
[SourceTitle "CBM 183 Extra"]
[Source "ChessBase"]
[SourceDate "2018.04.19"]
[SourceVersion "1"]
[SourceVersionDate "2018.04.19"]
[SourceQuality "1"]

1. b3 e5 2. Bb2 Nc6 3. e3 d5 4. Bb5 Bd6 5. f4 Qe7 6. Nf3 Bg4 7. h3 Bxf3 8. Qxf3 e4 9. Qg4 f6 10. Nc3 Qf7 11. 0-0-0 Nge7 12. d3 exd3 13. Rxd3 a6 14. Bxc6+ bxc6 15. e4 0-0 16. Qf3 Rfd8 17. Rhd1 dxe4 18. Nxe4 Nd5 19. Nxd6 cxd6 20. a3 Qc7 21. g4 a5 22. g5 fxg5 23. fxg5 a4 24. b4 Rf8 25. Qg3 Rae8 26. Kb1 Re2 27. Rf3 Rxf3 28. Qxf3 Qe7 29. b5 Re3 30. Qg4 Qb7 31. Qc4 Qf7 32. Qxc6 Nf4 33. b6 Re7 34. b7 Qf8 35. Qc8 Re8 36. Qc7 Nxh3 37. Qxd6 Qxd6 38. Rxd6 Nxg5 39. Rb6 Rb8 40. Be5 Rxb7 41. Rxb7 g6 42. c4 h5 43. Rg7+ Kf8 44. Rxg6 Nf7 45. Bh2 Ke7 46. Kc2 h4 47. Kc3 h3 48. Rg3 1-0

[Event "TUR-chT2"]
[Site "Konya"]
[Date "2017.07.15"]
[Round "9.6"]
[White "Ozgur, Sina"]
[Black "Isler, Ulviye Yaren"]
[Result "0-1"]
[WhiteElo "1630"]
[BlackElo "1242"]
[PlyCount "80"]
[EventDate "2017.07.09"]
[EventType "team-swiss"]
[EventRounds "9"]
[EventCountry "TUR"]
[SourceTitle "CBM 179 Extra"]
[Source "ChessBase"]
[SourceDate "2017.08.23"]
[SourceVersion "1"]
[SourceVersionDate "2017.08.23"]
[SourceQuality "1"]
[WhiteTeam "Dobruca"]
[BlackTeam "Karaman Akademi"]
[WhiteTeamCountry "TUR"]
[BlackTeamCountry "TUR"]

1. d4 d5 2. c4 e6 3. Nc3 Nf6 4. e3 Be7 5. Nf3 0-0 6. Qc2 Nbd7 7. Bd3 dxc4 8. Bxc4 a6 9. a3 b5 10. Be2 c5 11. dxc5 Bxc5 12. 0-0 Bb7 13. b4 Bd6 14. Rd1 Qc7 15. h3 Rac8 16. Bb2 Rfd8 17. Rac1 Nb6 18. Nd4 Be5 19. Qb3 Qe7 20. Nf3 Rxd1+ 21. Rxd1 Bxc3 22. Bxc3 Bd5 23. Rxd5 Nbxd5 24. Bd4 h6 25. Bc5 Qc7 26. Bd3 Nd7 27. Bd4 Qc1+ 28. Kh2 Qc7+ 29. Kg1 Nc3 30. e4 Qc6 31. Nd2 e5 32. Be3 Nf6 33. f3 Rd8 34. Bf1 Na4 35. Nb1 Qd6 36. Nd2 Qc7 37. Nb1 Nb6 38. Nc3 Rc8 39. Bc5 Nbd7 40. Bxb5 Nxc5 0-1

[Event "TUR-chT2"]
[Site "Konya"]
[Date "2017.07.12"]
[Round "6.10"]
[White "Tokbas, Sila"]
[Black "Ozgur, Sina"]
[Result "0-1"]
[WhiteElo "1119"]
[BlackElo "1630"]
[PlyCount "71"]
[EventDate "2017.07.09"]
[EventType "team-swiss"]
[EventRounds "9"]
[EventCountry "TUR"]
[SourceTitle "CBM 179 Extra"]
[Source "ChessBase"]
[SourceDate "2017.08.23"]
[SourceVersion "1"]
[SourceVersionDate "2017.08.23"]
[SourceQuality "1"]
[WhiteTeam "Atakum Belediye"]
[BlackTeam "Dobruca"]
[WhiteTeamCountry "TUR"]
[BlackTeamCountry "TUR"]

1. e4 e5 2. Nf3 Nc6 3. Bc4 Nf6 4. Nc3 Bc5 5. 0-0 d6 6. h3 Be6 7. Bxe6 fxe6 8. d3 Qd7 9. Be3 Bb6 10. Bxb6 axb6 11. Re1 0-0-0 12. d4 exd4 13. Nxd4 e5 14. Nxc6 bxc6 15. a4 Kb7 16. f3 g5 17. Qd3 Ra8 18. b3 h5 19. Rad1 g4 20. h4 gxf3 21. Qxf3 Raf8 22. Qd3 Ng4 23. Rf1 Qe7 24. Rxf8 Rxf8 25. Rf1 Rxf1+ 26. Kxf1 Qxh4 27. Qf3 Nh2+ 28. Ke2 Nxf3 29. Kxf3 Qf4+ 30. Ke2 h4 31. Kd1 Qg3 32. Kc1 Qxg2 33. Kb2 h3 34. b4 h2 35. a5 bxa5 36. bxa5 0-1

[Event "TUR-ch (Women)"]
[Site "Aksu"]
[Date "2017.03.08"]
[Round "4"]
[White "Ozgur, Sina"]
[Black "Menzi, Nezihe Ezgi"]
[Result "0-1"]
[WhiteElo "1439"]
[BlackElo "1916"]
[PlyCount "118"]
[EventDate "2017.03.06"]
[EventType "swiss"]
[EventRounds "9"]
[EventCountry "TUR"]
[SourceTitle "CBM 177 Extra"]
[Source "ChessBase"]
[SourceDate "2017.04.27"]
[SourceVersion "1"]
[SourceVersionDate "2017.04.27"]
[SourceQuality "1"]

1. d4 Nf6 2. c4 g6 3. Nc3 Bg7 4. e4 d6 5. f3 0-0 6. Be3 Nc6 7. Qd2 a6 8. Bd3 Nd7 9. Nge2 Rb8 10. 0-0 e5 11. d5 Ne7 12. b4 f5 13. c5 f4 14. Bf2 g5 15. cxd6 cxd6 16. b5 h5 17. bxa6 bxa6 18. Rab1 Rxb1 19. Rxb1 g4 20. fxg4 hxg4 21. Na4 Ng6 22. Qb4 f3 23. Ng3 Nf4 24. Bf1 fxg2 25. Bxg2 Nd3 26. Bb6 Qg5 27. Qxd6 Rf6 28. Qa3 Nxb6 29. Qxd3 Nxa4 30. Qc4 Qe3+ 31. Kh1 Bd7 32. d6+ Kh7 33. Nf5 Qd2 34. Qc7 Bxf5 35. exf5 Nc3 36. Rf1 Nb5 37. Qc4 Nxd6 38. Qxg4 Qd4 39. Qh5+ Rh6 40. Qg5 Ne4 41. Bxe4 Qxe4+ 42. Kg1 Qd4+ 43. Kh1 Qb2 44. Qg3 Qxa2 45. Rg1 Qf7 46. Qd3 Qf6 47. Rf1 Rh4 48. Qg3 Rc4 49. Qh3+ Bh6 50. Rd1 Qc6+ 51. Kg1 Rc1 52. Rxc1 Qxc1+ 53. Kg2 Qd2+ 54. Kf1 e4 55. Qh5 Qf4+ 56. Ke1 Qe3+ 57. Kf1 Qf3+ 58. Qxf3 exf3 59. Kf2 a5 0-1

[Event "TUR-ch (Women)"]
[Site "Aksu"]
[Date "2017.03.07"]
[Round "3"]
[White "Ozgur, Sina"]
[Black "Yassibag, Ipek Asli"]
[Result "0-1"]
[WhiteElo "1439"]
[BlackElo "1797"]
[PlyCount "88"]
[EventDate "2017.03.06"]
[EventType "swiss"]
[EventRounds "9"]
[EventCountry "TUR"]
[SourceTitle "CBM 177 Extra"]
[Source "ChessBase"]
[SourceDate "2017.04.27"]
[SourceVersion "1"]
[SourceVersionDate "2017.04.27"]
[SourceQuality "1"]

1. d4 Nf6 2. c4 c5 3. d5 b5 4. Nf3 b4 5. Qc2 g6 6. e4 d6 7. Bd3 Bg7 8. 0-0 0-0 9. Bd2 Nbd7 10. a3 bxa3 11. Nxa3 Nb6 12. h3 Bd7 13. Rae1 Rb8 14. Nh2 Nc8 15. Bc3 Qb6 16. f4 a6 17. Rf2 e6 18. f5 e5 19. g4 g5 20. Nf3 h6 21. Qd2 Ne7 22. Rg2 Nh7 23. h4 f6 24. Rh2 Kf7 25. Kg2 Rg8 26. hxg5 fxg5 27. Reh1 Nf6 28. Kg3 Kf8 29. Rh3 h5 30. Rxh5 Nxh5+ 31. Rxh5 Be8 32. Rxg5 Rh8 33. Rxg7 Kxg7 34. Qg5+ Kf7 35. f6 Ng6 36. Qf5 Qc7 37. Ng5+ Kg8 38. Bc2 Nf4 39. Ba4 Bg6 40. f7+ Qxf7 41. Nxf7 Bxf5 42. Nxd6 Rh3+ 43. Kf2 Bxg4 44. Bxe5 Nd3+ 0-1

[Event "TUR-chT2"]
[Site "Konya"]
[Date "2015.07.31"]
[Round "9.11"]
[White "Ozgur, Sina"]
[Black "Sahutoglu, Mehmet Ibrahim"]
[Result "0-1"]
[WhiteElo "1439"]
[BlackElo "1641"]
[PlyCount "58"]
[EventDate "2015.07.25"]
[EventType "team-swiss"]
[EventRounds "9"]
[EventCountry "TUR"]
[SourceTitle "EXT 2017"]
[Source "ChessBase"]
[SourceDate "2016.10.25"]
[SourceVersion "1"]
[SourceVersionDate "2016.10.25"]
[SourceQuality "1"]
[WhiteTeam "Istanbul Dobruca"]
[BlackTeam "Hatay Samandag"]
[WhiteTeamCountry "TUR"]
[BlackTeamCountry "TUR"]

1. d4 c5 2. Nf3 e6 3. e3 Nf6 4. Bd3 d5 5. b3 cxd4 6. exd4 Nc6 7. a3 Bd6 8. Bb2 0-0 9. Nbd2 Re8 10. 0-0 Qc7 11. Re1 Ne7 12. Ne5 Ng6 13. Ndf3 Nf4 14. Bb5 Bd7 15. Bxd7 Nxd7 16. Qd2 Ng6 17. Nxd7 Qxd7 18. Ne5 Qc7 19. f4 Rac8 20. Rac1 Nh4 21. Qf2 Nf5 22. Re2 f6 23. Nd3 Qb6 24. Rce1 Bf8 25. Kh1 Qc6 26. h3 b6 27. g4 Nd6 28. Qf3 Qb5 29. Nf2 Nf7 0-1

[Event "TUR-chT2"]
[Site "Konya"]
[Date "2015.07.27"]
[Round "4.10"]
[White "Ozgur, Sina"]
[Black "Dai, Irmak"]
[Result "0-1"]
[WhiteElo "1439"]
[BlackElo "1686"]
[PlyCount "67"]
[EventDate "2015.07.25"]
[EventType "team-swiss"]
[EventRounds "9"]
[EventCountry "TUR"]
[SourceTitle "CBM 167 Extra"]
[Source "ChessBase"]
[SourceDate "2015.09.14"]
[SourceVersion "1"]
[SourceVersionDate "2015.09.14"]
[SourceQuality "1"]
[WhiteTeam "Istanbul Dobruca"]
[BlackTeam "Gaziantep Sader"]
[WhiteTeamCountry "TUR"]
[BlackTeamCountry "TUR"]

1. d4 d5 2. Nf3 Nf6 3. e3 e6 4. Bd3 c5 5. b3 Nc6 6. a3 a6 7. Bb2 Bd6 8. 0-0 0-0 9. Ne5 Ne7 10. f4 b6 11. Nd2 Bb7 12. Qe1 Rc8 13. Qh4 Ne4 14. g4 f5 15. Bxe4 dxe4 16. Ndc4 fxg4 17. dxc5 Bxc5 18. Rad1 Bd5 19. b4 b5 20. bxc5 bxc4 21. Qxg4 Nf5 22. Bd4 Qa5 23. Kf2 Nxd4 24. exd4 Qxa3 25. Ke2 Qc3 26. Rg1 Rc7 27. c6 e3 28. Kf1 Qxc2 29. Qe2 Rxf4+ 30. Ke1 Qc3+ 31. Rd2 exd2+ 32. Qxd2 Qxd2+ 33. Kxd2 Rxd4+ 34. Kc3 0-1